000 00697cam a22002413a 4500
001 17732
003 PGUSA
005 20140828083358.0
008 060209s2006||||xxu|||||s|||||000 | eng d
040 _aPGUSA
_beng
042 _adc
050 4 _aPR
100 1 _aConrad, Joseph,
_d1857-1924
245 1 0 _aTales Of Hearsay
_h[electronic resource] /
_cJoseph Conrad
260 _bProject Gutenberg,
_c2006
505 0 _aThe warrior's soul -- Prince Roman -- The tale -- The black mate.
506 _aPublic domain in the USA.
516 _aElectronic text
653 _aShort stories
830 0 _aProject Gutenberg
_v17732
856 4 0 _uhttp://www.gutenberg.org/ebooks/17732
942 _cEB
999 _c246987
_d246987